| 000 | 00658nam a22002057a 4500 | ||
|---|---|---|---|
| 005 | 20180412105833.0 | ||
| 010 | _aENG-122454 | ||
| 020 |
_a9788171393466 _c800.00 |
||
| 035 | _aEN-105986 | ||
| 037 | _bDBAD/PUB | ||
| 082 | _a126 | ||
| 245 |
_aPower of consciousness / _ced. by Anand Sidhartha [and] Priya Ranjan Trivedi |
||
| 260 |
_aNew Delhi _bJnanada Prakashan (P&D) _c2010 |
||
| 270 |
_a4837/2, 24, Ansari Road, Daryaganj, _bNew Delhi _e110002 |
||
| 300 |
_a262p. _bill. _c21cm(Hb) |
||
| 500 | _aIncludes bibliography [and] index | ||
| 700 | _dSidhartha, Anand | ||
| 700 | _dTrivedi, Priya Ranjan | ||
| 942 |
_2ddc _cEN _mPOW _h126 |
||
| 999 |
_c150680 _d150680 |
||